Normal view
MARC view
- Chihuahua
Entry Nombre Geográfico
001 - NÚMERO DE CONTROL
- campo de control: 11083
003 - IDENTIFICADOR DE NUMERO DE CONTROL
- campo de control: UPN
005 - FECHA Y HORA DE LA ÜLTIMA TRANSACCIÓN
- campo de control: 20230504134540.0
008 - DATOS DE LONGITUD FIJA
- campo de control de longitud fija: 230504nn fcznnaaba n ana |d
035 ## - NÚMERO DE CONTROL
- Número de control: UPN10000011090
040 ## - FUENTE DE CATALOGACIÓN
- Lenguaje de catalogación: spa
- Agencia de catalogación original: MX-MxUPN
053 #4 - NÚMERO DE CLASIFICACIÓN LC
- Elemento de número de clasificación-número único o número de inicio de tramo: F1261
151 ## - ENCABEZAMIENTO - NOMBRE GEOGRÁFICO
- Nombre geográfico: Chihuahua
- Subdivisión general : Historia
670 ## - FUENTE EN LA QUE SE LOCALIZARON DATOS
- Cita de la fuente: Escamilla González, G. Lista de encabezamientos de materia, 1978:
- Información localizada: página 27 (Aguascalientes -- Historia)
902 ## - CATALOGADOR
- Catalogador: MEEG/200996
- Catalogador: VíctorGodínez/040523
